| 000 | 00000nam##2200000za#4500 |
| 001 | 9.695847 |
| 003 | CaOODSP |
| 005 | 20210624234749 |
| 007 | cr ||||||||||| |
| 008 | 150407|1999||||xxc|||||o f|0| 0 eng|d |
| 040 | |aCaOODSP|beng |
| 043 | |an-cn--- |
| 086 | 1 |aH39-517/2-1999E-PDF |
| 110 | 1 |aCanada. |bHealth Canada. |
| 245 | 10|aIt helps to talk : |h[electronic resource]|bhow to get the most from a visit to your doctor / |cDeveloped by Health Canada in association with the Manitoba Cancer Treatment and Research Foundation ... [et al.]. |
| 246 | 1 |iVariant title : |aHow to get the most from a visit to your doctor : patient's guide |
| 260 | |aOttawa - Ontario : |bHealth Canada |c[1999]. |
| 300 | |a4p., 2p. : |bcoloured illus. ; |eIt helps to talk : patient consultation planner (2p.) |
| 500 | |aAt head of title: Patient's guide. The catalogue number (H39-517/2-1999E) and ISBN (0-662-28287-6) for the print edition have been incorrectly copied in this electronic publication. |
| 590 | |a12-08-Supp|b2012-03-16 |
| 690 | 07|aHealth promotion|2gcpds |
| 710 | 2 |aManitoba Cancer Treatment and Research Foundation. |
| 775 | 08|tC'est bon d'en parler : |w(CaOODSP)9.639955 |
| 776 | 0#|tHow to get the most from a visit to your doctor : |w(CaOODSP)9.647512 |
| 856 | 40|ahttp://publications.gc.ca|qPDF|s108 KB|uhttps://publications.gc.ca/collections/Collection/H39-517-2-1999E.pdf |
| 856 | 40|ahttp://publications.gc.ca|qPDF|s67 KB|uhttps://publications.gc.ca/collections/Collection/H88-3-30-2001/pdfs/com/plan_e.pdf |